Intermediate Business (Record no. 1980)
[ view plain ]
| 000 -LEADER | |
|---|---|
| fixed length control field | 01482cam a22002294a 4500 |
| 005 - ΗΜΕΡΟΜΗΝΙΑ ΚΑΙ ΩΡΑ ΤΕΛΕΥΤΑΙΑΣ ΕΝΗΜΕΡΩΣΗΣ | |
| Πεδίο ελέγχου | 20250605164025.0 |
| 008 - FIXED-LENGTH DATA ELEMENTS--GENERAL INFORMATION | |
| Πεδίο ελέγχου σταθερού μήκους | 250528s ||||||||||||||||||||||||d |
| 035 ## - SYSTEM CONTROL NUMBER | |
| System control number | 16486 |
| 020 ## - ISBN | |
| ISBN | 1872962092 |
| 040 ## - ΠΗΓΗ ΚΑΤΑΛΟΓΟΓΡΑΦΗΣΗΣ | |
| Φορέας πρωτότυπης καταλογογράφησης | MC Athens Campus Library |
| Γλώσσα καταλογογράφησης | Ελληνικά, Μοντέρνα (1453-) |
| Modifying agency | MC Athens Campus Library |
| Κανόνες περιγραφικής καταλογογράφησης | AACR2 |
| 245 1# - ΤΙΤΛΟΣ ΚΑΙ ΔΗΛΩΣΗ ΥΠΕΥΘΥΝΟΤΗΤΑΣ | |
| Τίτλος | Intermediate Business |
| 260 ## - PUBLICATION, DISTRIBUTION, ETC. | |
| Date of publication, distribution, etc. | 2000 |
| 300 ## - PHYSICAL DESCRIPTION | |
| Extent | 384 |
| 520 ## - SUMMARY, ETC. | |
| Summary, etc. | A comprehensive learning resource for the intermediate award in Business. It covers the three compulsory units and the human resources option unit. Teaching and Subject Notes, How Businesses Develop, Unit Assessment, Ownership of Business, What Businesses Do, Influences on Business - Location and Stakeholders, Investigating How Businesses Work, Unit Assessment, The Aims of Business, Business Functions and Business Structures, Marketing and Sales, Customer Service, Production and Finance - Using Business Resources, Administration and Communication in Business, Businesses and Employees, Business Finance, Unit Assessment, The Costs of Starting a New Business, Business Finance and Cash Flow, Calculating Break-Even, Business Profit and Loss, Financial Documents for Making Purchases, Financial Documents - Practical Exercises, Individuals and the Organization, Study Text for the Human Resources Optional Units, Appendix: Financial Documents, Index. |
| 700 1# - ΠΡΟΣΘΕΤΗ ΑΝΑΓΡΑΦΗ--ΦΥΣΙΚΟ ΠΡΟΣΩΠΟ | |
| Personal name | Fardon Michael |
| 9 (RLIN) | 740 |
| 700 1# - ΠΡΟΣΘΕΤΗ ΑΝΑΓΡΑΦΗ--ΦΥΣΙΚΟ ΠΡΟΣΩΠΟ | |
| Personal name | Frater Glynis |
| 9 (RLIN) | 2577 |
| 700 1# - ΠΡΟΣΘΕΤΗ ΑΝΑΓΡΑΦΗ--ΦΥΣΙΚΟ ΠΡΟΣΩΠΟ | |
| Personal name | Osborne |
| 9 (RLIN) | 734 |
| 700 1# - ΠΡΟΣΘΕΤΗ ΑΝΑΓΡΑΦΗ--ΦΥΣΙΚΟ ΠΡΟΣΩΠΟ | |
| Personal name | Prokopiw John |
| 9 (RLIN) | 2578 |
| 942 ## - ADDED ENTRY ELEMENTS (KOHA) | |
| Koha item type | Books |
| Τύπος τεκμηρίου | Βιβλιοθήκη | Τρέχουσα τοποθεσία | Barcode | Αριθμός εισαγωγής | Ημερομηνία απόκτησης | Ταξιθετικό σύμβολο | Αριθμός αντιτύπου | Κατάσταση απόσυρσης | Κατάσταση χαμένου | Κατάσταση κατεστραμμένου | Μη δανεισμός | Σύνολο δανεισμών | Ημερομηνία τελευταίας εμφάνισης | Η τιμή ισχύει από |
|---|---|---|---|---|---|---|---|---|---|---|---|---|---|---|
| Books | MC Athens Campus Library | MC Athens Campus Library | 9780000019790 | 4190 | 05/06/2025 | 650 FAR | 1 | 05/06/2025 | 05/06/2025 |